| 000 | 00436nam a2200181Ia 4500 | ||
|---|---|---|---|
| 005 | 20250423101507.0 | ||
| 008 | 250422s9999 xx 000 0 und d | ||
| 020 | _a0-89815-439-1 | ||
| 050 | _aHF 5382.75U6 .B65/ | ||
| 100 | _aRichard Nelson Bolles | ||
| 245 | 4 | _aThe what color is your parachute | |
| 260 | _aCalifornia | ||
| 260 | _bTen speed press | ||
| 260 | _c1970 | ||
| 300 | _a421 p | ||
| 650 | _aCommerce | ||
| 942 | _cBK | ||
| 999 |
_c36448 _d36448 |
||